00655 2200193 4500245007000000020002200070250001100092100001100103700001900114700001900133650001800152005001900170260003500189041001400224084001100238300002500249500017800274336000900452 aPanduan Praktis Beternak Ayam Kampung Hari Per HaricNurosohText a978-979-002-773-2 aCet. 1 aNuroso aAnggono Wibowo aB. Prasetya W. aBeternak Ayam a20241011133335 aJakartabPenebar Swadayac2019 aIndonesia a636.08 aiv, 84 hlm. :cilus. aBuku ini berisi tentang tips memilih DOC yang berkualitsa, teknis pemeliharaan hari per gari, program kesehatan, sampai manajemen pakan untuk mendapatkan efisiensi produksi. atext